Normal view
MARC view
- Syed Ali Asadullah Bukhari
Entry Personal Name
001 - CONTROL NUMBER
- control field: 98872
003 - CONTROL NUMBER IDENTIFIER
- control field: NUST
005 - DATE AND TIME OF LATEST TRANSACTION
- control field: 20220909092646.0
008 - FIXED-LENGTH DATA ELEMENTS
- fixed length control field: 220909|| aca||aabn | a|a d
040 ## - CATALOGING SOURCE
- Original cataloging agency: NUST
- Transcribing agency: NUST
100 ## - HEADING--PERSONAL NAME
- Personal name: Syed Ali Asadullah Bukhari
670 ## - SOURCE DATA FOUND
- Source citation: Work cat.: (NUST)12224: Syed Ali Asadullah Bukhari, Hardware implementation of scale invariant feature transform on fpga, 2013
